[Event "DEM U14 2019"]
[Site "Willingen GER"]
[Date "2019.06.14"]
[Round "8"]
[White "Bethke, Richard"]
[Black "Weihrauch, Jakob"]
[Result "1/2-1/2"]
[Termination "normal"]
[Board "1"]
[WhiteElo "2246"]
[BlackElo "2158"]
[WhiteClock "00:18:28"]
[BlackClock "00:14:54"]
[PlyCount "71"]
[WhiteFideId "12959243"]
[BlackFideId "16210115"]
[EventCountry "GER"]
[EventRounds "9"]
[EventType "swiss"]
[EventDate "2019.06.08"]

1. e4 {[%clk 1:30:56]} 1... e5 {[%clk 1:30:53]} 2. Nf3 {[%clk 1:31:01]} 2...
Nc6 {[%clk 1:31:17]} 3. Bb5 {[%clk 1:31:27]} 3... a6 {[%clk 1:31:40]} 4. Bxc6 {
[%clk 1:31:52]} 4... dxc6 {[%clk 1:32:06]} 5. O-O {[%clk 1:32:15]} 5... Bg4 {
[%clk 1:29:12]} 6. h3 {[%clk 1:32:37]} 6... Bxf3 {[%clk 1:29:33]} 7. Qxf3 {
[%clk 1:33:02]} 7... Qd7 {[%clk 1:28:33]} 8. d3 {[%clk 1:31:57]} 8... Bc5 {
[%clk 1:26:07]} 9. Nd2 {[%clk 1:31:06]} 9... O-O-O {[%clk 1:23:38]} 10. a4 {
[%clk 1:28:00]} 10... h5 {[%clk 1:19:36]} 11. Nc4 {[%clk 1:22:20]} 11... f6 {
[%clk 1:18:19]} 12. Be3 {[%clk 1:21:18]} 12... Bxe3 {[%clk 1:17:24]} 13. Qxe3 {
[%clk 1:21:03]} 13... Qd4 {[%clk 1:14:33]} 14. b4 {[%clk 1:18:42]} 14... Qxe3 {
[%clk 1:13:28]} 15. fxe3 {[%clk 1:16:40]} 15... Nh6 {[%clk 1:10:54]} 16. Rf2 {
[%clk 1:07:59]} 16... Nf7 {[%clk 1:07:14]} 17. Na5 {[%clk 1:06:03]} 17... Rd6 {
[%clk 1:05:23]} 18. Nb3 {[%clk 1:06:25]} 18... b6 {[%clk 1:03:34]} 19. a5 {
[%clk 1:06:07]} 19... Kb7 {[%clk 1:03:41]} 20. axb6 {[%clk 1:04:52]} 20... cxb6
{[%clk 1:04:09]} 21. Ra3 {[%clk 1:04:42]} 21... Ng5 {[%clk 0:57:32]} 22. Rf1 {
[%clk 1:03:23]} 22... Ra8 {[%clk 0:50:25]} 23. Rb1 {[%clk 1:03:07]} 23... Rdd8
{[%clk 0:48:00]} 24. Kf2 {[%clk 1:00:30]} 24... Ne6 {[%clk 0:45:08]} 25. Ke2 {
[%clk 1:00:05]} 25... Kc7 {[%clk 0:43:36]} 26. Rba1 {[%clk 1:00:11]} 26... Kb7
{[%clk 0:43:58]} 27. Kd2 {[%clk 0:53:18]} 27... Rdc8 {[%clk 0:35:33]} 28. d4 {
[%clk 0:29:27]} 28... Rd8 {[%clk 0:34:13]} 29. c3 {[%clk 0:29:33]} 29... exd4 {
[%clk 0:26:41]} 30. exd4 {[%clk 0:29:45]} 30... Re8 {[%clk 0:24:01]} 31. h4 {
[%clk 0:25:12]} 31... g5 {[%clk 0:17:39]} 32. Rh1 {[%clk 0:21:36]} 32... Rg8 {
[%clk 0:16:14]} 33. g3 {[%clk 0:20:04]} 33... gxh4 {[%clk 0:15:46]} 34. Rxh4 {
[%clk 0:20:23]} 34... Rxg3 {[%clk 0:14:55]} 35. Rxh5 {[%clk 0:19:19]} 35... Ng5
{[%clk 0:14:54]} 36. Kc2 {[%clk 0:18:28]} 1/2-1/2

[Event "DEM U14 2019"]
[Site "Willingen GER"]
[Date "2019.06.14"]
[Round "8"]
[White "Krastev, Alexander"]
[Black "Gallasch, Jonas"]
[Result "1-0"]
[Termination "normal"]
[Board "2"]
[WhiteTitle "FM"]
[WhiteElo "2344"]
[BlackElo "2137"]
[WhiteClock "00:08:26"]
[BlackClock "00:14:22"]
[PlyCount "107"]
[WhiteFideId "12989983"]
[BlackFideId "16222474"]
[EventCountry "GER"]
[EventRounds "9"]
[EventType "swiss"]
[EventDate "2019.06.08"]

1. e4 {[%clk 1:30:58]} 1... e5 {[%clk 1:30:47]} 2. Bc4 {[%clk 1:28:34]} 2...
Nc6 {[%clk 1:30:40]} 3. Nc3 {[%clk 1:28:53]} 3... Bc5 {[%clk 1:28:17]} 4. Qg4 {
[%clk 1:21:04]} 4... g6 {[%clk 1:21:14]} 5. Qf3 {[%clk 1:14:10]} 5... Nf6 {
[%clk 1:14:01]} 6. Nge2 {[%clk 1:10:02]} 6... Be7 {[%clk 0:52:12]} 7. Nd5 {
[%clk 0:54:42]} 7... O-O {[%clk 0:45:04]} 8. Nxe7+ {[%clk 0:41:17]} 8... Qxe7 {
[%clk 0:45:27]} 9. d3 {[%clk 0:41:44]} 9... d6 {[%clk 0:40:23]} 10. Bg5 { [%clk
0:38:20]} 10... Kg7 {[%clk 0:40:41]} 11. Qe3 {[%clk 0:38:39]} 11... Re8 { [%clk
0:38:42]} 12. f3 {[%clk 0:33:08]} 12... Be6 {[%clk 0:34:36]} 13. O-O-O { [%clk
0:33:07]} 13... Nd8 {[%clk 0:22:12]} 14. h4 {[%clk 0:30:08]} 14... Bxc4 { [%clk
0:18:54]} 15. dxc4 {[%clk 0:29:46]} 15... Ne6 {[%clk 0:19:13]} 16. Nc3 { [%clk
0:25:49]} 16... c6 {[%clk 0:17:18]} 17. g4 {[%clk 0:23:01]} 17... Rad8 { [%clk
0:08:47]} 18. Rh2 {[%clk 0:22:29]} 18... Nxg5 {[%clk 0:06:12]} 19. hxg5 { [%clk
0:21:23]} 19... Nd7 {[%clk 0:06:37]} 20. Rdh1 {[%clk 0:15:46]} 20... Rh8 {[%clk
0:04:38]} 21. Kb1 {[%clk 0:01:58]} 21... a6 {[%clk 0:03:47]} 22. Ne2 { [%clk
0:01:29]} 22... Nf8 {[%clk 0:02:58]} 23. Ng1 {[%clk 0:01:30]} 23... Ne6 { [%clk
0:03:07]} 24. Nh3 {[%clk 0:01:57]} 24... Kg8 {[%clk 0:01:54]} 25. Rd2 { [%clk
0:01:44]} 25... Kg7 {[%clk 0:01:21]} 26. Rhd1 {[%clk 0:02:04]} 26... Rd7 {[%clk
0:01:29]} 27. Qc3 {[%clk 0:00:59]} 27... Nxg5 {[%clk 0:00:45]} 28. Nxg5 {[%clk
0:01:15]} 28... Qxg5 {[%clk 0:01:14]} 29. c5 {[%clk 0:01:29]} 29... Rhd8 {[%clk
0:01:03]} 30. cxd6 {[%clk 0:01:00]} 30... Qf6 {[%clk 0:01:03]} 31. Qc5 { [%clk
0:00:39]} 31... Kg8 {[%clk 0:00:49]} 32. Rd3 {[%clk 0:00:56]} 32... Qe6 { [%clk
0:00:45]} 33. a4 {[%clk 0:01:12]} 33... h5 {[%clk 0:00:34]} 34. gxh5 { [%clk
0:01:12]} 34... gxh5 {[%clk 0:01:01]} 35. f4 {[%clk 0:00:55]} 35... Re8 { [%clk
0:01:00]} 36. Qg1+ {[%clk 0:00:36]} 36... Kh8 {[%clk 0:01:08]} 37. f5 { [%clk
0:00:38]} 37... Qh6 {[%clk 0:01:13]} 38. Qh2 {[%clk 0:00:59]} 38... f6 { [%clk
0:00:44]} 39. Rh3 {[%clk 0:00:40]} 39... Rh7 {[%clk 0:01:08]} 40. a5 { [%clk
0:00:34]} 40... Rd8 {[%clk 0:00:46]} 41. c4 {[%clk 0:23:50]} 41... c5 { [%clk
0:23:45]} 42. Qf2 {[%clk 0:20:56]} 42... Qf4 {[%clk 0:20:28]} 43. Qxf4 { [%clk
0:14:47]} 43... exf4 {[%clk 0:20:30]} 44. Kc2 {[%clk 0:13:44]} 44... Kg8 {[%clk
0:20:01]} 45. b4 {[%clk 0:13:28]} 45... Rhd7 {[%clk 0:17:11]} 46. bxc5 { [%clk
0:13:16]} 46... Re8 {[%clk 0:16:07]} 47. Rg1+ {[%clk 0:12:36]} 47... Rg7 {[%clk
0:15:42]} 48. Rxg7+ {[%clk 0:08:24]} 48... Kxg7 {[%clk 0:16:05]} 49. Rb3 {[%clk
0:07:57]} 49... Rxe4 {[%clk 0:14:50]} 50. d7 {[%clk 0:07:41]} 50... Rxc4+
{[%clk 0:13:56]} 51. Kd3 {[%clk 0:07:27]} 51... Rc1 {[%clk 0:14:20]} 52. Kd2
{[%clk 0:07:39]} 52... f3 {[%clk 0:13:57]} 53. Kxc1 {[%clk 0:08:00]} 53... f2
{[%clk 0:14:22]} 54. Rf3 {[%clk 0:08:26]} 1-0

[Event "DEM U14 2019"]
[Site "Willingen GER"]
[Date "2019.06.14"]
[Round "8"]
[White "Colbow, Collin"]
[Black "Lutz, Ruben"]
[Result "1/2-1/2"]
[Termination "normal"]
[Board "4"]
[WhiteElo "2169"]
[BlackElo "2055"]
[WhiteClock "00:30:36"]
[BlackClock "00:24:05"]
[PlyCount "83"]
[WhiteFideId "16201132"]
[BlackFideId "12975974"]
[EventCountry "GER"]
[EventRounds "9"]
[EventType "swiss"]
[EventDate "2019.06.08"]

1. e4 {[%clk 1:30:58]} 1... e6 {[%clk 1:30:52]} 2. d4 {[%clk 1:31:17]} 2... d5
{[%clk 1:31:14]} 3. Nd2 {[%clk 1:31:42]} 3... Nf6 {[%clk 1:31:38]} 4. e5 {
[%clk 1:32:07]} 4... Nfd7 {[%clk 1:32:01]} 5. Bd3 {[%clk 1:32:33]} 5... c5 {
[%clk 1:32:24]} 6. c3 {[%clk 1:33:01]} 6... Nc6 {[%clk 1:32:46]} 7. Ne2 { [%clk
1:33:27]} 7... cxd4 {[%clk 1:33:09]} 8. cxd4 {[%clk 1:33:49]} 8... f6 { [%clk
1:33:31]} 9. exf6 {[%clk 1:34:15]} 9... Nxf6 {[%clk 1:33:56]} 10. O-O { [%clk
1:34:39]} 10... Bd6 {[%clk 1:34:20]} 11. Nf3 {[%clk 1:35:05]} 11... Qc7 { [%clk
1:34:42]} 12. h3 {[%clk 1:35:25]} 12... O-O {[%clk 1:33:43]} 13. Be3 { [%clk
1:35:13]} 13... Bd7 {[%clk 1:30:09]} 14. Re1 {[%clk 1:35:01]} 14... Rae8 {[%clk
1:28:55]} 15. Nc3 {[%clk 1:25:56]} 15... a6 {[%clk 1:28:25]} 16. Rc1 { [%clk
1:23:01]} 16... Qb8 {[%clk 1:09:30]} 17. Na4 {[%clk 1:19:27]} 17... e5 { [%clk
1:01:34]} 18. dxe5 {[%clk 1:18:29]} 18... Nxe5 {[%clk 1:01:45]} 19. Nxe5 {[%clk
1:17:58]} 19... Bxe5 {[%clk 1:02:01]} 20. Nc5 {[%clk 1:17:32]} 20... Bc6 {[%clk
0:33:08]} 21. Nxa6 {[%clk 1:09:51]} 21... Qa8 {[%clk 0:33:33]} 22. Nb4 { [%clk
1:01:34]} 22... Bxb2 {[%clk 0:33:08]} 23. Rb1 {[%clk 0:59:01]} 23... Bc3 {[%clk
0:33:16]} 24. Re2 {[%clk 0:56:09]} 24... Ba4 {[%clk 0:25:00]} 25. Qc1 { [%clk
0:40:17]} 25... Rc8 {[%clk 0:22:08]} 26. Qa3 {[%clk 0:38:59]} 26... Bd7 { [%clk
0:12:19]} 27. Qb3 {[%clk 0:36:45]} 27... Ba4 {[%clk 0:12:30]} 28. Qa3 { [%clk
0:36:53]} 28... Bd7 {[%clk 0:12:56]} 29. Qxa8 {[%clk 0:36:59]} 29... Rxa8
{[%clk 0:13:22]} 30. Bg5 {[%clk 0:32:04]} 30... Bxb4 {[%clk 0:06:32]} 31. Rxb4
{[%clk 0:31:36]} 31... Bc6 {[%clk 0:06:58]} 32. f3 {[%clk 0:24:47]} 32... h6 {
[%clk 0:06:16]} 33. Bxf6 {[%clk 0:22:59]} 33... Rxf6 {[%clk 0:06:18]} 34. Bc2 {
[%clk 0:21:14]} 34... Kf7 {[%clk 0:05:37]} 35. Bb3 {[%clk 0:21:22]} 35... Re8 {
[%clk 0:03:54]} 36. Rxe8 {[%clk 0:18:44]} 36... Kxe8 {[%clk 0:04:20]} 37. Kf2 {
[%clk 0:18:31]} 37... Kd7 {[%clk 0:04:13]} 38. Rg4 {[%clk 0:15:48]} 38... g5 {
[%clk 0:03:26]} 39. h4 {[%clk 0:15:02]} 39... gxh4 40. Ke3 {[%clk 0:11:40]}
40... Kd6 {[%clk 0:01:08]} 41. Rxh4 {[%clk 0:04:10]} 41... Kc5 {[%clk 0:24:05]}
42. Rh5 {[%clk 0:30:36]} 1/2-1/2

[Event "DEM U14 2019"]
[Site "Willingen GER"]
[Date "2019.06.14"]
[Round "8"]
[White "Arakelian, Aik"]
[Black "Laux, Dominik"]
[Result "0-1"]
[Termination "normal"]
[Board "7"]
[WhiteElo "1911"]
[BlackElo "2061"]
[WhiteClock "00:19:41"]
[BlackClock "00:08:45"]
[PlyCount "60"]
[WhiteFideId "16220340"]
[BlackFideId "12994219"]
[EventCountry "GER"]
[EventRounds "9"]
[EventType "swiss"]
[EventDate "2019.06.08"]

1. e4 {[%clk 1:30:56]} 1... c6 {[%clk 1:30:43]} 2. Nf3 {[%clk 1:31:13]} 2... d5
{[%clk 1:31:04]} 3. Nc3 {[%clk 1:31:33]} 3... Bg4 {[%clk 1:31:26]} 4. h3 {
[%clk 1:31:50]} 4... Bxf3 {[%clk 1:31:51]} 5. gxf3 {[%clk 1:32:11]} 5... e6 {
[%clk 1:30:17]} 6. d4 {[%clk 1:32:26]} 6... Nf6 {[%clk 1:28:29]} 7. Be3 { [%clk
1:28:48]} 7... Bb4 {[%clk 1:24:30]} 8. Qd3 {[%clk 1:28:43]} 8... Qa5 { [%clk
1:20:33]} 9. Bd2 {[%clk 1:20:46]} 9... O-O {[%clk 1:09:59]} 10. Rg1 { [%clk
1:16:42]} 10... Rc8 {[%clk 1:04:33]} 11. a3 {[%clk 1:10:49]} 11... Nbd7 { [%clk
0:56:11]} 12. Rb1 {[%clk 1:07:38]} 12... Bxc3 {[%clk 0:54:40]} 13. Bxc3 { [%clk
1:08:00]} 13... Qc7 {[%clk 0:53:35]} 14. e5 {[%clk 1:06:54]} 14... Nh5 { [%clk
0:46:34]} 15. Qe3 {[%clk 1:02:43]} 15... g6 {[%clk 0:43:51]} 16. Bd2 { [%clk
1:00:30]} 16... c5 {[%clk 0:38:20]} 17. c3 {[%clk 0:58:00]} 17... Ng7 { [%clk
0:36:12]} 18. Bd3 {[%clk 0:58:07]} 18... Rab8 {[%clk 0:29:30]} 19. h4 { [%clk
0:53:29]} 19... b5 {[%clk 0:22:45]} 20. Qh6 {[%clk 0:49:33]} 20... Nf5 { [%clk
0:18:26]} 21. Bxf5 {[%clk 0:48:37]} 21... exf5 {[%clk 0:18:51]} 22. h5 { [%clk
0:47:12]} 22... Rb6 {[%clk 0:16:30]} 23. Rh1 {[%clk 0:44:40]} 23... Nf8 { [%clk
0:15:59]} 24. Bg5 {[%clk 0:44:24]} 24... Ne6 {[%clk 0:14:20]} 25. Bf6 { [%clk
0:40:05]} 25... cxd4 {[%clk 0:13:43]} 26. cxd4 {[%clk 0:40:28]} 26... Qc2
{[%clk 0:11:05]} 27. Rd1 {[%clk 0:38:55]} 27... Rb7 {[%clk 0:10:33]} 28. Rh2 {
[%clk 0:33:35]} 28... f4 {[%clk 0:09:12]} 29. Rd2 {[%clk 0:23:20]} 29... Qb1+ {
[%clk 0:08:28]} 30. Rd1 {[%clk 0:19:41]} 30... Rc1 {[%clk 0:08:45]} 0-1

[Event "DEM U14 2019"]
[Site "Willingen GER"]
[Date "2019.06.14"]
[Round "8"]
[White "von Krosigk, Florian"]
[Black "Hetzner, Hannes"]
[Result "1/2-1/2"]
[Termination "normal"]
[Board "8"]
[WhiteElo "1926"]
[BlackElo "2001"]
[WhiteClock "00:05:22"]
[BlackClock "00:02:19"]
[PlyCount "67"]
[WhiteFideId "16227808"]
[BlackFideId "16211936"]
[EventCountry "GER"]
[EventRounds "9"]
[EventType "swiss"]
[EventDate "2019.06.08"]

1. e4 {[%clk 1:30:57]} 1... e6 {[%clk 1:30:55]} 2. d4 {[%clk 1:31:22]} 2... d5
{[%clk 1:31:21]} 3. Nd2 {[%clk 1:31:41]} 3... c5 {[%clk 1:31:47]} 4. c3 { [%clk
1:28:50]} 4... cxd4 {[%clk 1:32:07]} 5. cxd4 {[%clk 1:29:17]} 5... dxe4 { [%clk
1:32:29]} 6. Nxe4 {[%clk 1:27:11]} 6... Nf6 {[%clk 1:32:38]} 7. Nc3 { [%clk
1:22:32]} 7... Nc6 {[%clk 1:29:56]} 8. Nf3 {[%clk 1:21:11]} 8... b6 { [%clk
1:23:38]} 9. Bb5 {[%clk 1:19:58]} 9... Bb7 {[%clk 1:12:38]} 10. Ne5 { [%clk
1:17:49]} 10... Rc8 {[%clk 1:09:18]} 11. Qf3 {[%clk 1:15:27]} 11... Qc7 { [%clk
1:05:20]} 12. Bg5 {[%clk 1:01:40]} 12... Be7 {[%clk 0:59:14]} 13. Ne4 { [%clk
1:01:02]} 13... Bb4+ {[%clk 0:51:05]} 14. Kf1 {[%clk 0:46:27]} 14... Nxe4
{[%clk 0:46:59]} 15. Qxe4 {[%clk 0:45:46]} 15... O-O {[%clk 0:44:50]} 16. Bxc6
{[%clk 0:37:25]} 16... Bxc6 {[%clk 0:43:46]} 17. Nxc6 {[%clk 0:34:51]} 17...
Qxc6 {[%clk 0:44:07]} 18. Qxc6 {[%clk 0:33:57]} 18... Rxc6 {[%clk 0:44:32]} 19.
a3 {[%clk 0:34:21]} 19... f6 {[%clk 0:39:44]} 20. Be3 {[%clk 0:29:05]} 20...
Be7 {[%clk 0:39:44]} 21. g3 {[%clk 0:27:37]} 21... f5 {[%clk 0:37:58]} 22. Kg2
{[%clk 0:26:29]} 22... Bf6 {[%clk 0:36:23]} 23. Rhc1 {[%clk 0:17:50]} 23...
Rfc8 {[%clk 0:35:11]} 24. Rxc6 {[%clk 0:18:06]} 24... Rxc6 {[%clk 0:35:33]} 25.
Rd1 {[%clk 0:18:25]} 25... Kf8 {[%clk 0:33:37]} 26. Rd2 {[%clk 0:15:45]} 26...
Ke7 {[%clk 0:30:46]} 27. Bf4 {[%clk 0:13:25]} 27... g5 {[%clk 0:18:05]} 28. Bb8
{[%clk 0:12:22]} 28... a6 {[%clk 0:10:49]} 29. Be5 {[%clk 0:11:26]} 29... Rc8 {
[%clk 0:06:04]} 30. f4 {[%clk 0:10:57]} 30... Rd8 {[%clk 0:05:46]} 31. Rc2 {
[%clk 0:10:11]} 31... Bxe5 {[%clk 0:03:09]} 32. dxe5 {[%clk 0:10:37]} 32... g4
{[%clk 0:03:10]} 33. Kf2 {[%clk 0:08:36]} 33... Rd5 {[%clk 0:02:19]} 34. Ke2 {
[%clk 0:05:22]} 1/2-1/2

[Event "DEM U14 2019"]
[Site "Willingen GER"]
[Date "2019.06.14"]
[Round "8"]
[White "Haack, Kevin"]
[Black "Schubert, Nikita"]
[Result "1/2-1/2"]
[Termination "normal"]
[Board "10"]
[WhiteElo "2033"]
[BlackElo "1806"]
[WhiteClock "00:15:17"]
[BlackClock "00:19:52"]
[PlyCount "89"]
[WhiteFideId "16228715"]
[BlackFideId "16212339"]
[EventCountry "GER"]
[EventRounds "9"]
[EventType "swiss"]
[EventDate "2019.06.08"]

1. c4 {[%clk 1:30:58]} 1... Nf6 {[%clk 1:30:51]} 2. Nc3 {[%clk 1:31:23]} 2...
e6 {[%clk 1:31:14]} 3. e4 {[%clk 1:31:48]} 3... d5 {[%clk 1:31:37]} 4. cxd5 {
[%clk 1:32:13]} 4... exd5 {[%clk 1:31:52]} 5. e5 {[%clk 1:32:38]} 5... Ne4 {
[%clk 1:32:12]} 6. Nf3 {[%clk 1:33:01]} 6... Bf5 {[%clk 1:32:26]} 7. d3 { [%clk
1:33:05]} 7... Nxc3 {[%clk 1:32:13]} 8. bxc3 {[%clk 1:33:33]} 8... c5 { [%clk
1:32:30]} 9. d4 {[%clk 1:33:55]} 9... Nc6 {[%clk 1:32:39]} 10. Bd3 { [%clk
1:30:12]} 10... Bxd3 {[%clk 1:32:54]} 11. Qxd3 {[%clk 1:30:34]} 11... cxd4
{[%clk 1:33:19]} 12. cxd4 {[%clk 1:29:16]} 12... Bb4+ {[%clk 1:33:41]} 13. Bd2
{[%clk 1:27:56]} 13... O-O {[%clk 1:27:21]} 14. O-O {[%clk 1:27:15]} 14... Be7
{[%clk 1:16:00]} 15. Rab1 {[%clk 1:26:24]} 15... Qd7 {[%clk 1:14:24]} 16. Bc3
{[%clk 1:20:35]} 16... Rab8 {[%clk 1:02:28]} 17. a4 {[%clk 1:16:41]} 17... Bd8
{[%clk 0:49:38]} 18. Nd2 {[%clk 1:11:57]} 18... a6 {[%clk 0:38:51]} 19. Nb3
{[%clk 1:09:26]} 19... Be7 {[%clk 0:35:58]} 20. a5 {[%clk 1:05:10]} 20... Rfc8
{[%clk 0:31:00]} 21. Qd2 {[%clk 1:02:10]} 21... Qd8 {[%clk 0:27:25]} 22. Kh1 {
[%clk 0:57:47]} 22... b6 {[%clk 0:17:00]} 23. axb6 {[%clk 0:55:04]} 23... Qxb6
{[%clk 0:14:56]} 24. f4 {[%clk 0:52:14]} 24... Bb4 {[%clk 0:08:58]} 25. Bxb4 {
[%clk 0:45:43]} 25... Qxb4 {[%clk 0:08:43]} 26. Qd3 {[%clk 0:40:30]} 26... Qb5
{[%clk 0:07:06]} 27. Qe3 {[%clk 0:35:10]} 27... Na5 {[%clk 0:04:30]} 28. Nd2 {
[%clk 0:34:41]} 28... Nc4 {[%clk 0:04:21]} 29. Qd3 {[%clk 0:27:04]} 29... Qc6 {
[%clk 0:03:52]} 30. Nxc4 {[%clk 0:20:14]} 30... Qxc4 {[%clk 0:02:32]} 31. Qxc4
{[%clk 0:17:57]} 31... dxc4 {[%clk 0:02:47]} 32. Rxb8 {[%clk 0:16:12]} 32...
Rxb8 {[%clk 0:03:12]} 33. Rc1 {[%clk 0:16:28]} 33... Rc8 {[%clk 0:01:03]} 34.
Kg1 {[%clk 0:14:33]} 34... Kf8 {[%clk 0:00:50]} 35. Kf2 {[%clk 0:14:22]} 35...
Ke7 {[%clk 0:00:44]} 36. d5 {[%clk 0:12:38]} 36... Rc5 {[%clk 0:00:44]} 37. d6+
{[%clk 0:08:41]} 37... Ke6 {[%clk 0:00:44]} 38. Rd1 {[%clk 0:08:33]} 38... Rc8
{[%clk 0:00:43]} 39. Ke3 {[%clk 0:07:55]} 39... f6 {[%clk 0:00:39]} 40. d7 {
[%clk 0:01:32]} 40... Rd8 {[%clk 0:00:59]} 41. Rd6+ {[%clk 0:26:17]} 41... Ke7
{[%clk 0:27:06]} 42. Rxa6 {[%clk 0:25:02]} 42... fxe5 {[%clk 0:22:34]} 43. Rc6
{[%clk 0:14:51]} 43... exf4+ {[%clk 0:19:45]} 44. Kxf4 {[%clk 0:14:53]} 44...
Rxd7 {[%clk 0:19:52]} 45. Rxc4 {[%clk 0:15:17]} 1/2-1/2

[Event "DEM U14 2019"]
[Site "Willingen GER"]
[Date "2019.06.14"]
[Round "8"]
[White "Weidenhöfer, Max"]
[Black "Tham, Nam"]
[Result "1-0"]
[Termination "normal"]
[Board "12"]
[WhiteElo "1787"]
[BlackElo "1993"]
[WhiteClock "00:20:02"]
[BlackClock "00:32:37"]
[PlyCount "119"]
[WhiteFideId "16230566"]
[BlackFideId "12997331"]
[EventCountry "GER"]
[EventRounds "9"]
[EventType "swiss"]
[EventDate "2019.06.08"]

1. e4 {[%clk 1:30:59]} 1... e5 {[%clk 1:30:50]} 2. Nf3 {[%clk 1:31:22]} 2...
Nc6 {[%clk 1:31:04]} 3. Bc4 {[%clk 1:31:47]} 3... Bc5 {[%clk 1:31:28]} 4. c3 {
[%clk 1:32:12]} 4... Nf6 {[%clk 1:31:51]} 5. d3 {[%clk 1:32:36]} 5... d6 {
[%clk 1:32:11]} 6. Bb3 {[%clk 1:32:58]} 6... a6 {[%clk 1:32:36]} 7. Nbd2 {
[%clk 1:32:56]} 7... Ba7 {[%clk 1:32:59]} 8. O-O {[%clk 1:31:01]} 8... O-O {
[%clk 1:33:02]} 9. Re1 {[%clk 1:31:22]} 9... Ng4 {[%clk 1:31:40]} 10. Re2 {
[%clk 1:28:21]} 10... h6 {[%clk 1:29:22]} 11. Nf1 {[%clk 1:17:29]} 11... Be6 {
[%clk 1:21:51]} 12. Bxe6 {[%clk 1:10:03]} 12... fxe6 {[%clk 1:22:15]} 13. Ne3 {
[%clk 1:10:02]} 13... Nf6 {[%clk 1:18:49]} 14. Nf1 {[%clk 1:03:23]} 14... d5 {
[%clk 1:09:58]} 15. exd5 {[%clk 0:54:47]} 15... exd5 {[%clk 1:09:50]} 16. Nxe5
{[%clk 0:51:11]} 16... Nxe5 {[%clk 1:06:27]} 17. Rxe5 {[%clk 0:51:39]} 17...
Bxf2+ {[%clk 1:06:38]} 18. Kh1 {[%clk 0:52:02]} 18... d4 {[%clk 1:04:42]} 19.
Rf5 {[%clk 0:47:12]} 19... Nd5 {[%clk 0:55:27]} 20. Qf3 {[%clk 0:41:46]} 20...
Rxf5 {[%clk 0:54:48]} 21. Qxf5 {[%clk 0:42:09]} 21... Bh4 {[%clk 0:54:37]} 22.
c4 {[%clk 0:40:55]} 22... Ne7 {[%clk 0:51:45]} 23. Qe6+ {[%clk 0:39:00]} 23...
Kh8 {[%clk 0:52:09]} 24. Bxh6 {[%clk 0:36:20]} 24... Qf8 {[%clk 0:48:30]} 25.
Qe4 {[%clk 0:31:39]} 25... Qf6 {[%clk 0:42:56]} 26. Bf4 {[%clk 0:19:51]} 26...
Rf8 {[%clk 0:42:31]} 27. g3 {[%clk 0:17:39]} 27... Bg5 {[%clk 0:41:34]} 28.
Bxg5 {[%clk 0:17:24]} 28... Qxg5 {[%clk 0:42:00]} 29. Kg2 {[%clk 0:17:12]}
29... Nf5 {[%clk 0:40:28]} 30. Re1 {[%clk 0:13:44]} 30... c5 {[%clk 0:38:38]}
31. Re2 {[%clk 0:11:06]} 31... Qf6 {[%clk 0:29:32]} 32. Kg1 {[%clk 0:07:23]}
32... Nd6 {[%clk 0:26:56]} 33. Qg2 {[%clk 0:07:31]} 33... b5 {[%clk 0:25:14]}
34. b3 {[%clk 0:07:15]} 34... Nf7 {[%clk 0:21:26]} 35. Rf2 {[%clk 0:05:46]}
35... Qe7 {[%clk 0:19:43]} 36. Qf3 {[%clk 0:05:49]} 36... Kg8 {[%clk 0:19:50]}
37. Qc6 {[%clk 0:05:21]} 37... Ne5 {[%clk 0:17:32]} 38. Rxf8+ {[%clk 0:03:50]}
38... Kxf8 {[%clk 0:17:09]} 39. Qe4 {[%clk 0:03:05]} 39... Kg8 {[%clk 0:12:51]}
40. Kg2 {[%clk 0:03:04]} 40... g5 {[%clk 0:07:01]} 41. Nd2 {[%clk 0:27:29]}
41... g4 {[%clk 0:35:39]} 42. Kf2 {[%clk 0:26:52]} 42... Qg5 {[%clk 0:33:23]}
43. Ke2 {[%clk 0:25:11]} 43... Kg7 {[%clk 0:32:51]} 44. Kd1 {[%clk 0:23:00]}
44... Qh5 {[%clk 0:32:33]} 45. Qb7+ {[%clk 0:19:07]} 45... Kh8 {[%clk 0:30:11]}
46. Qc8+ {[%clk 0:19:07]} 46... Kg7 {[%clk 0:29:51]} 47. Qxc5 {[%clk 0:19:04]}
47... bxc4 {[%clk 0:29:59]} 48. Nxc4 {[%clk 0:18:37]} 48... Qxh2 { [%clk
0:30:01]} 49. Qxe5+ {[%clk 0:18:56]} 49... Kg8 {[%clk 0:30:14]} 50. Nd2 { [%clk
0:18:20]} 50... Qh1+ {[%clk 0:30:16]} 51. Qe1 {[%clk 0:18:26]} 51... Qc6 {[%clk
0:30:13]} 52. Qe4 {[%clk 0:18:32]} 52... Qc3 {[%clk 0:30:39]} 53. Qxg4+ {[%clk
0:18:42]} 53... Kh8 {[%clk 0:31:05]} 54. Qh5+ {[%clk 0:18:15]} 54... Kg8 {[%clk
0:31:23]} 55. Qg6+ {[%clk 0:18:35]} 55... Kh8 {[%clk 0:31:49]} 56. Qxa6 {[%clk
0:18:53]} 56... Qa1+ {[%clk 0:31:56]} 57. Ke2 {[%clk 0:19:06]} 57... Qg1 {[%clk
0:32:10]} 58. Qf6+ {[%clk 0:19:26]} 58... Kg8 {[%clk 0:32:19]} 59. Qf2 { [%clk
0:19:46]} 59... Qh1 {[%clk 0:32:37]} 60. Qxd4 {[%clk 0:20:02]} 1-0